000 00673nam a2200229 i 4500
001 130261
003 ES-MaACL
005 20230906193703.0
007 t|
008 070724s1955 it ||||1| ita d
080 _a92 Zacconi, E.
080 _a792 (04)
100 1 _aZacconi, Ermete.
_9117816
245 1 0 _aRecuerdos y batallas /
_cErmete Zacconi ; traducción del italiano de Mario Calés.
260 _aBuenos Aires :
_bHachette,
_c[1955]
300 _a178 p. :
_bil. ;
_c18 cm.
490 1 _aEl mirador ;
_v30
700 1 _aCalés, Mario.
_933664
830 0 _aEl mirador ;
_v30
_9191703
852 _aES-MaACL
_jL-12692
_bR.112985
999 _c130261
_d130261